书目信息 |
| 题名: |
十九世纪后半期的中国财政与经济
|
|
| 作者: | 彭泽益 著 | |
| 分册: | ||
| 出版信息: | 北京 人民出版社 1983 |
|
| 页数: | 229页 | |
| 开本: | 21cm | |
| 丛书名: | ||
| 单 册: | ||
| 中图分类: | F129.5 | |
| 科图分类: | ||
| 主题词: | 经济--中国 | |
| 电子资源: | ||
| ISBN: | ||
| 000 | 00666nam0 2200241 45 | |
| 001 | 0183009437 | |
| 005 | 20040425081807.7 | |
| 010 | @dCNY0.79 | |
| 091 | @a4001.169 | |
| 100 | @a19950525d1983 em y0chiy0121 ea | |
| 101 | 0 | @achi |
| 102 | @aCN@b110000 | |
| 105 | @ay z 000yy | |
| 106 | @ar | |
| 200 | 10 | @a十九世纪后半期的中国财政与经济@Ashi jiu shi ji hou ban qi de zhong guo cai zheng yu jing ji@f彭泽益著 |
| 210 | @a北京@c人民出版社@d1983 | |
| 215 | @a229页@d21cm | |
| 606 | 0 | @a经济@x中国 |
| 690 | @aF129.5 | |
| 701 | 0 | @a彭泽益@Apeng ze yi@4著 |
| 801 | 0 | @aCN@b上海图书馆@c20040425 |
| 801 | 2 | @aCN@bNLC@c20040425 |
| 905 | @f4@b136888-891@dF129.5@e21 | |
| 十九世纪后半期的中国财政与经济/彭泽益著.-北京:人民出版社,1983 |
| 229页;21cm |
| ISBN :CNY0.79 |
| ● |
| 相关链接 |
|
|
|
|
正题名:十九世纪后半期的中国财政与经济
索取号:F129.5/21
 
预约/预借
| 序号 | 登录号 | 条形码 | 馆藏地/架位号 | 状态 | 备注 |
| 1 | 0136888 | 000201702 | 密集书库/ [索取号:F129.5/21] | 在馆 | |
| 2 | 0136889 | 000201686 | 第一借阅区/ [索取号:F129.5/21] | 在馆 | |
| 3 | 0136890 | 000201711 | 密集书库/ [索取号:F129.5/21] | 在馆 | |
| 4 | 0136891 | 000201695 | 密集书库/ [索取号:F129.5/21] | 在馆 | |
| 5 | 0136892 | 000201677 | 第一样本阅览室/ [索取号:F129.5/21] | 在馆 |